|
|
|
|
| LEADER |
00000nab a2200000 a 4500 |
| 001 |
vtls000374629 |
| 003 |
SK-MaSNL |
| 005 |
20260426072840.0 |
| 008 |
150205c1990 xo 0 slo |
| 015 |
|
|
|a SNBRB19rr/mm-uuuuu
|
| 035 |
|
|
|a CL0374751
|
| 040 |
|
|
|a SNKBUCL
|b slo
|c SNKBUCL
|e AACR2
|
| 041 |
0 |
|
|a slo
|
| 044 |
|
|
|a xo
|c SK
|
| 080 |
|
|
|a 334.5
|2 1981
|
| 100 |
1 |
|
|a Adamča, Silvester,
|d 1942-
|4 aut
|9 246333
|
| 245 |
1 |
0 |
|a S bohatými tradíciami do nových úloh
|c Silvester Adamča
|
| 650 |
0 |
7 |
|a spotrebné družstvá
|2 snkbucl
|9 2135
|
| 651 |
|
7 |
|a Slovensko
|2 snkbucl
|9 14231
|
| 655 |
|
7 |
|a články z novín a časopisov
|2 snkbucl
|9 267496
|
| 773 |
0 |
|
|t Národné výbory
|g Č. 3 (1990), s. 10
|
| 850 |
|
|
|a Slovenská národná knižnica v Martine
|a MTA001
|
| 852 |
|
|
|a SNK
|b KIS3GCP
|
| 958 |
|
|
|a RK
|
| 992 |
|
|
|a RBX
|
| 999 |
|
|
|c 2694449
|d 2696379
|